Business Environment for Strategic Management (Record no. 673)
[ view plain ]
| 000 -LEADER | |
|---|---|
| Fixed length control field | 00505nam a2200169 4500 |
| 003 - CONTROL NUMBER IDENTIFIER | |
| Control field | SEACOMMC |
| 005 - DATE AND TIME OF LATEST TRANSACTION | |
| Control field | 20241021152055.0 |
| 008 - FIXED-LENGTH DATA ELEMENTS--GENERAL INFORMATION | |
| Fixed length control field | 241021b |||||||| |||| 00| 0 eng d |
| 020 ## - INTERNATIONAL STANDARD BOOK NUMBER / ISBN | |
| International Standard Book Number | 978-93-5051-104-6 |
| Price | Rs.375.00 |
| 040 ## - CATALOGING SOURCE | |
| Original cataloging agency | SEACOMMC |
| 082 ## - DEWEY DECIMAL CLASSIFICATION NUMBER | |
| Classification number | 658.4012 |
| Book Number | A 861 |
| 100 ## - MAIN ENTRY--PERSONAL NAME | |
| Personal name | Aswathappa, K |
| 245 1# - TITLE STATEMENT | |
| Title | Business Environment for Strategic Management |
| Statement of responsibility | K Aswathappa |
| 260 ## - IMPRINT | |
| Place of publication | Mumbai |
| Name of publisher | Himalaya Publishing House |
| Date of publication | 1996 |
| 650 ## - SUBJECT ADDED ENTRY--TOPICAL TERM | |
| Topical term | Business Environment for Strategic Management |
| 942 ## - ADDED ENTRY ELEMENTS (KOHA) | |
| Koha item type | Books |
| Withdrawn status | Lost status | Source of classification | Damaged status | Not for loan | Home library | Current library | Shelving location | Date acquired | Total Checkouts | Call number | Accession number | Date last seen | Price effective from | Koha item type | Copy number |
|---|---|---|---|---|---|---|---|---|---|---|---|---|---|---|---|
| Dewey Decimal Classification | SEACOM MANAGEMENT COLLEGE | SEACOM MANAGEMENT COLLEGE | Reference | 27/10/2007 | 658.4012 A 861 | M-565 | 21/10/2024 | 21/10/2024 | Books | ||||||
| Dewey Decimal Classification | SEACOM MANAGEMENT COLLEGE | SEACOM MANAGEMENT COLLEGE | 27/10/2007 | 658.4012 A 861 | M-566 | 21/10/2024 | 21/10/2024 | Books | 1 | ||||||
| Dewey Decimal Classification | SEACOM MANAGEMENT COLLEGE | SEACOM MANAGEMENT COLLEGE | 27/10/2007 | 658.4012 A 861 | M-567 | 21/10/2024 | 21/10/2024 | Books | 2 |
